000 00606nam a2200205Ia 4500
001 49106
003 OSt
005 20150630111206.0
008 140430s9999 xx 000 0 und d
020 _a9789693523881
040 _cPK-LaUMT
082 _a 891.4393
_bRAZ-N
100 _aRazia Butt(رضیہ بٹ)
245 _aNoureen (Urdu)(نورین )
_cRazia Butt(رضیہ بٹ)
260 _aLahore,Pakistan:(لاہور، پاکستان )
_bSang-e-Meel Publications,(سنگ میل پبلیکیشنز)
_c2011
300 _a392 p.
546 _aUR
650 _aUrdu literature-Novel
942 _cBK
_2ddc
999 _c46876
_d46876